000 01351nam a2200349 c 4500
003 BLK
005 20240701121441.0
008 180410b bul|||||r ||||||| ||bul||
010 _aKNG00158359000
020 _a978-954-27-1157-5
_bиздат.: Егмонт България
040 _aBLK
041 _aBUL
_cBUL
072 7 _2bullib
_aН83
_xЧужда художествена литература Н
080 _aАмериканска литература (на САЩ)
_b821.111(73)
_x-31
_z821.111(73)-31
100 1 _aГрийн, Джон
_eпърви автор
_9329767
700 1 _aДечева, Гергана
_eпрев.
_9378634
139 _aГрийн, Джон
_bГ 82
245 1 0 _aМножество Катрини
_bРоман
_cДжон Грийн; прев. Гергана Дечева.
257 _aUSA
260 София
_bЕгмонт България
_c2014
_fСофия : Инвестпрес
300 _a288 с.
_c21 см
380 _aX
500 _aОриг. загл. An Abundance of Katherines / John Green.
653 _aромани
659 _aН
852 _aЦб 268236
856 4 _qpdf
_u
856 4 _qpdf
_u
942 _cKNG
_n0
_022
944 _aCR
_c21.03.2014
_lМинев Младен
_k30530
944 _aED
_c27.03.2017
_lф /
_kЛюдмила_Стоянова
999 _c151924
_d151924